Alberto - Dwutakt tekst - Statystyki

Ogólne statystyki
  • Ten quiz został rozwiązany 702 razy
  • Średni wynik to 80 z 252
Statystyki odpowiedzi
dwutakt tekst % Poprawnych
. na
99%
. Wjeżdżam
97%
. jak
96%
. na
95%
. peron
95%
. rejon
95%
. towar
95%
. się
86%
. się
84%
. kleją
83%
. dzielą
82%
. się
79%
. aferą
78%
. dupy
78%
. się
78%
. się
78%
. skończyć
78%
. może
77%
. typy
77%
. kleją
75%
. patrzą
75%
. piątki
73%
. banie
70%
. bomba
70%
. na
70%
. balet
69%
. kończymy
69%
. na
69%
. ryj
69%
. szybko
69%
. wyłapał
69%
. nad
67%
. ranem
67%
. syreny
67%
. budzik
66%
. jaguarem
66%
. najlepszy
66%
. jadę
65%
. na
63%
. na
62%
. fotoradarem
61%
. przed
61%
. piździe
60%
. całej
59%
. nie
59%
. mnie
58%
. typy
58%
. wisłostradę
58%
. a
57%
. kochają
57%
.. lubią
57%
.. fanki
56%
. biorę
54%
. i
53%
. oryginał
53%
. pierdole
53%
. plastik
53%
. dżungla
52%
. miejska
52%
. zegarki
50%
. złote
50%
. na
48%
. nike
48%
. styl
48%
. dresowy
47%
. karki
47%
. na
47%
. systemie
47%
. wisiory
47%
. kumpla
42%
. zawija
42%
. pies
41%
. kundla
40%
. mam
40%
. na
40%
. smyczy
40%
. w
40%
. gotówka
39%
. kieszeni
39%
. dżungla
36%
. miejska
36%
. kumpla
35%
.. pies
35%
. zawija
35%
. kundla
34%
. mam
34%
. na
34%
. smyczy
34%
. gotówka
33%
. kieszeni
33%
. w
33%
. dwutakt
32%
. łuska
32%
. po
32%
. robię
32%
. spada
31%
. strzałach
31%
. brudne
30%
.. i
30%
. krwi
30%
. ręce
30%
. we
30%
. zabójstwa
30%
. zemsta
30%
. do
29%
. dwóch
29%
. gleba
29%
. goryla
29%
. jadę
29%
. ma
29%
. nich
29%
. pod
29%
. podchodze
29%
. problem
29%
.
29%
. sam
29%
. tu
29%
. typów
29%
. bar
28%
. bluzka
28%
. bochen
28%
. chleba
28%
. ej
28%
.. ej
28%
. ej
28%
. gleba
28%
. łapa
28%
. wystraszeni
28%
. ej
27%
. jak
27%
. u
27%
. u
27%
. dla
26%
. juz
26%
. nich
26%
. nie
26%
. shisha
26%
. kozaki
25%
. mam
25%
. pseudo
25%
. serca
25%
. boli
24%
. ma
24%
. nie
24%
. u
24%
. u
24%
. że
24%
. do
22%
. stawaj
22%
. walki
22%
. łamane
21%
. czaszki
20%
. obite
20%
. ręce
20%
. brudny
19%
. mam
19%
. ciuch
18%
. jadę
18%
. kupić
18%
. więc
18%
. dres
17%
. nowy
17%
. krew
16%
. mam
16%
. wszędzie
16%
. lecz
15%
. obite
15%
. pięści
15%
. wychodzę
15%
. z
15%
. mnie
14%
. na
14%
. twarzą
14%
. zawsze
14%
. mieście
13%
. obcinają
13%
. angola
12%
. angola
12%
. czarnuch
11%
. dżungla
11%
. miejska
11%
. na
11%
. ej
10%
. kręce
10%
. kumpla
10%
. pies
10%
. stres
10%
. zawija
10%
. buch
9%
. ej
9%
. ej
9%
. kundla
9%
. mam
9%
. na
9%
. smyczy
9%
. dżungla
8%
. gotówka
8%
. kieszeni
8%
. kumpla
8%
. miejska
8%
. na
8%
. pies
8%
. smyczy
8%
. w
8%
. zawija
8%
.. dwutakt
7%
. ej
7%
. ej
7%
. gotówka
7%
. kieszeni
7%
. kundla
7%
. mam
7%
. po
7%
. robię
7%
. w
7%
. bluzka
6%
. brudne
6%
.. i
6%
. krwi
6%
. łuska
6%
. ręce
6%
. spada
6%
. strzałach
6%
. we
6%
. zabójstwa
6%
. zemsta
6%
. dwutakt
4%
. dżungla
4%
. gotówka
4%
. i
4%
. kieszeni
4%
. kumpla
4%
. kundla
4%
. łuska
4%
. mam
4%
. miejska
4%
. na
4%
. pies
4%
. po
4%
. robię
4%
. smyczy
4%
. spada
4%
. strzałach
4%
. w
4%
. zabójstwa
4%
. zawija
4%
. zemsta
4%
. brudne
3%
. krwi
3%
. ręce
3%
. we
3%
. bluzka
2%
Nie znaleziono quizów pasujących do podanych kryteriów
Rozkład punktacji
Procent ludzi z każdym wynikiem
Percentyl według liczby udzielonych odpowiedzi
Twoja historia wyników
Nie rozwiązałeś tego quizu